2023-2024 Carolina Panthers Roster - Statistics

General Stats
  • This quiz has been taken 215 times
  • The average score is 22 of 34
Answer Stats
Hint Answer % Correct
QB Bryce Young
100%
WR Adam Thielen
96%
RB Chubba Hubbard
96%
QB Andy Dalton
93%
RB Miles Sanders
93%
LOLB Brian Burns
87%
DT Derrick Brown
85%
CB Jaycee Horn
82%
TE Tommy Tremble
82%
WR DJ Chark
78%
TE Hayden Hurst
78%
WR Jonathan Mingo
78%
MLB Shaq Thompson
71%
TE Ian Thomas
70%
LT Ikem Ekwonu
67%
P Johnny Hekker
66%
CB Donte Jackson
64%
ROLB Frankie Luvu
63%
S Jeremy Chinn
63%
RB Raheem Blackshear
62%
WR Terrace Marshall Jr
61%
RT Taylor Moton
60%
S Xavier Woods
53%
K Eddy Pineiro
52%
C Bradley Bozeman
51%
RG Austin Corbett
48%
CB CJ Henderson
48%
S Vonn Bell
45%
DT Shy Tuttle
44%
LE Yetur Gross-Matos
44%
LG Brady Christensen
33%
MLB Kamu Grugier-Hill
33%
CB Troy Hill
31%
RE DeShawn Williams
21%
No matching quizzes found
Score Distribution
Percent of People with Each Score
Percentile by Number Answered
Your Score History
You have not taken this quiz